Pamiatková obnova a adaptácia Hellovho domu v Banskej Štiavnici
Enregistré dans:
| Auteur principal: | |
|---|---|
| Autres auteurs: | |
| Format: | Manuscrit Livre |
| Langue: | slovaque |
| Publié: |
Bratislava
2021
|
| Sujets: | |
| Accès en ligne: | http://is.stuba.sk/zp/portal_zp.pl?podrobnosti=159805 |
| Tags: |
Pas de tags, Soyez le premier à ajouter un tag!
|
MARC
| LEADER | 00000ntm a22000003a 4500 | ||
|---|---|---|---|
| 001 | stuzp83915 | ||
| 003 | SK-STU | ||
| 005 | 20220215134213.7 | ||
| 007 | ta | ||
| 008 | 150427s2015----xo-----f-mn---000-0-slo-d | ||
| 040 | |a STU |b slo | ||
| 041 | 0 | |a slo | |
| 100 | 1 | |a Búliková, Lívia |u 053130 |4 aut |U FAD Fakulta architektúry a dizajnu |T FAD Ústav dejín a teórie architektúry a obnovy pamiatok |X 82306 |U A3130 |Y 394 |7 82306 | |
| 242 | 0 | 1 | |a Adaptation and Monuments´ Conservation of the "Hell house" in Banská Štiavnica |y eng |
| 245 | 1 | 0 | |a Pamiatková obnova a adaptácia Hellovho domu v Banskej Štiavnici |
| 260 | |c 2021 |a Bratislava | ||
| 650 | 4 | |a obnova |2 slo | |
| 650 | 4 | |a Banská Štiavnica |2 slo | |
| 650 | 4 | |a adaptácia |2 slo | |
| 650 | 4 | |a rekonštrukcia |2 slo | |
| 650 | 4 | |a historický dom |2 slo | |
| 650 | 4 | |a hostel |2 slo | |
| 650 | 4 | |a pamiatka |2 slo | |
| 650 | 4 | |a expozícia |2 slo | |
| 650 | 4 | |a reconstruction |2 eng | |
| 650 | 4 | |a restoration |2 eng | |
| 650 | 4 | |a monument |2 eng | |
| 650 | 4 | |a Banská Štiavnica |2 eng | |
| 650 | 4 | |a adaptation |2 eng | |
| 650 | 4 | |a historical house |2 eng | |
| 650 | 4 | |a hostel |2 eng | |
| 650 | 4 | |a exposition |2 eng | |
| 700 | 1 | |a Terao Vošková, Katarína |u 053130 |k Z2 |4 ths |U FAD Fakulta architektúry a dizajnu |T FAD Ústav dejín a teórie architektúry a obnovy pamiatok |X 38058 |U A3130 |Y 394 |7 A000038058 | |
| 856 | 4 | |u http://is.stuba.sk/zp/portal_zp.pl?podrobnosti=159805 |u https://opac.crzp.sk/?fn=detailBiblioForm&sid=0C216CD716E182230C2E0CAAC853 | |